|
|
|
|
| LEADER |
00000nab a2200000ua 4500 |
| 001 |
vtls010778852 |
| 003 |
SK-MaSNL |
| 005 |
20260303123429.0 |
| 008 |
230214s1958 xo |||||||||||||||||slo| |
| 035 |
|
|
|a (urnnbn)urn:nbn:sk:snk:ar-a03arx
|
| 035 |
|
|
|a (uuid)e488248f-2e1a-4bd6-a76c-46eaa87eae11
|
| 035 |
|
|
|a urn:nbn:sk:snk-ab56il
|
| 040 |
|
|
|a SNKBUCL
|b slo
|c SNKBUCL
|e AACR2
|
| 041 |
0 |
|
|a slo
|
| 044 |
|
|
|a xo
|c SK
|
| 100 |
1 |
|
|a Štefanovič, Ján,
|d 1928-
|4 aut
|9 155923
|
| 245 |
1 |
0 |
|a BOYD C. W., FUNDAMENTALS OF IMMUNOLOGY (Základy imunológie)
|c J. Štefanovič
|
| 773 |
0 |
|
|t Bratislavské lekárske listy
|g Roč. 38, č. 8 (1958), s. 507-508
|
| 954 |
|
|
|a odborná, vedecká literatúra pôvodná (slovenská)
|2 lita
|
| 958 |
|
|
|a OND
|
| 958 |
|
|
|a EUIPO
|
| 958 |
|
|
|a article3
|
| 999 |
|
|
|c 1925888
|d 1927818
|